000 00358nam a2200145Ia 4500
008 240624s9999 xx 000 0 und d
041 _aeng
082 _a658.4058 BRA
100 _aBRAGG STEVEN M
245 _aOUTSOURCING
250 _a(2nd ed.)
260 _c2006
_aNew Jersey
_bJohn Wiley and Sons
300 _axvi, : 383 : p. : cm. ; 23
365 _c
_b27
999 _c4733
_d4733